[Event "11. Lichtenberger Sommer"]
[Site "Berlin"]
[Date "2012.08.23"]
[Round "6.53"]
[White "Lang, Martin"]
[Black "Breitwieser, Jasmin"]
[Result "0-1"]
[WhiteElo "1909"]
[BlackElo "1938"]
[PlyCount "81"]
[EventDate "2012.??.??"]
[WhiteTeam "SC Zugzwang 95 e.V."]
[BlackTeam "Sfr. Frankfurt 1921"]

1. e4 c5 2. Nf3 e6 3. d4 cxd4 4. Nxd4 Nf6 5. Bd3 Nc6 6. Nxc6 bxc6 7. O-O d5 8.
Nd2 Be7 9. e5 Nd7 10. Nf3 O-O 11. h4 Bxh4 12. g3 Be7 13. b4 c5 14. c3 Qc7 15.
Bf4 Bb7 16. Rc1 Rfe8 17. Kg2 Nf8 18. Rh1 Rac8 19. Qe2 Qd8 20. Rh3 cxb4 21. Rch1
g6 22. Nd4 Bg5 23. Qg4 Bxf4 24. gxf4 Re7 25. Rh6 Rxc3 26. Qh3 Rxd3 27. Qxd3 f5
28. exf6 Rf7 29. Qe3 Qxf6 30. R1h4 a5 31. Nf3 d4 32. Qd3 e5 33. Qd1 d3 34. Kg3
exf4+ 35. Kh2 Bxf3 36. Qxf3 d2 37. Rg4 Qc3 38. Qd5 Qc2 39. Rxf4 Qc7 40. Rhh4
d1=Q 41. Qxd1 0-1

[Event "11. Lichtenberger Sommer"]
[Site "Berlin"]
[Date "2012.08.23"]
[Round "6.54"]
[White "Eichler, Jan-Christoph"]
[Black "Birkholz, Axel"]
[Result "1-0"]
[WhiteElo "2095"]
[BlackElo "1882"]
[PlyCount "35"]
[EventDate "2012.??.??"]
[WhiteTeam "Schachclub Oranienburg e.V."]
[BlackTeam "SV Trossingen"]

1. d4 d5 2. c4 c6 3. Nc3 Nf6 4. Nf3 e6 5. g3 dxc4 6. a4 Nbd7 7. Bg2 Bb4 8. O-O
O-O 9. Qc2 Qc7 10. Bf4 Bd6 11. Bxd6 Qxd6 12. Rfd1 b6 13. e4 Qc7 14. e5 Ne8 15.
Ng5 g6 16. Nb5 cxb5 17. Bxa8 b4 18. Rac1 1-0

[Event "11. Lichtenberger Sommer"]
[Site "Berlin"]
[Date "2012.08.23"]
[Round "6.55"]
[White "Albinus, Günter"]
[Black "Witte, Ronald"]
[Result "1-0"]
[WhiteElo "1819"]
[BlackElo "2034"]
[PlyCount "59"]
[EventDate "2012.??.??"]
[WhiteTeam "SG Weißensee 49 e.V."]
[BlackTeam "BSV 63 Chemie Weißensee"]

1. Nf3 d5 2. b3 c5 3. Bb2 Nc6 4. e3 a6 5. Be2 Nf6 6. d4 Bf5 7. O-O e6 8. c4
dxc4 9. Bxc4 Qc7 10. Qe2 Bg4 11. dxc5 Bxc5 12. Nbd2 Rd8 13. a3 O-O 14. Qe1 b5
15. Be2 Qb6 16. b4 Be7 17. Rc1 Rd5 18. Nd4 Nxd4 19. Bxd4 Qb8 20. Bxf6 Bxe2 21.
Bxe7 Rh5 22. g3 Bxf1 23. Bxf8 Bh3 24. Bc5 Rd5 25. Bd4 e5 26. Rc5 Qb7 27. f3
exd4 28. exd4 h5 29. Qe8+ Kh7 30. Qe4+ 1-0

[Event "11. Lichtenberger Sommer"]
[Site "Berlin"]
[Date "2012.08.23"]
[Round "6.56"]
[White "Bergmann, Jens"]
[Black "Hansen, Rene Rauer"]
[Result "1/2-1/2"]
[WhiteElo "1946"]
[BlackElo "2047"]
[PlyCount "45"]
[EventDate "2012.??.??"]
[WhiteTeam "SK Tempelhof 1931 e.V."]
[BlackTeam "Laeseforeningens Skakklub"]

1. d4 d5 2. c4 c6 3. cxd5 cxd5 4. Nc3 Nf6 5. Qc2 g6 6. Bf4 a6 7. e3 Nc6 8. Bd3
Bg7 9. h3 Bd7 10. a3 Rc8 11. Nge2 O-O 12. Qb3 Na5 13. Qb4 b5 14. a4 Nc6 15. Qb3
Qa5 16. O-O b4 17. Nb1 Qb6 18. a5 Nxa5 19. Qa2 Bb5 20. Bxb5 Qxb5 21. Qxa5 Qxe2
22. Qxb4 Rc4 23. Re1 1/2-1/2

[Event "11. Lichtenberger Sommer"]
[Site "Berlin"]
[Date "2012.08.23"]
[Round "6.57"]
[White "Hübner, Alan-Ari"]
[Black "Schmidt, Jürgen"]
[Result "1-0"]
[WhiteElo "1728"]
[BlackElo "2055"]
[PlyCount "100"]
[EventDate "2012.??.??"]
[WhiteTeam "TuS Makkabi Berlin e.V."]
[BlackTeam "SC Kreuzberg e.V."]

1. d4 d5 2. c4 c6 3. Nf3 Nf6 4. cxd5 cxd5 5. Nc3 Nc6 6. Bf4 e6 7. e3 Bd6 8.
Bxd6 Qxd6 9. a3 O-O 10. Bd3 e5 11. dxe5 Nxe5 12. Be2 a6 13. O-O Rd8 14. h3 Be6
15. Nxe5 Qxe5 16. Bf3 Ne4 17. Rc1 Rac8 18. Qe1 Ng5 19. Qd1 Ne4 20. Qe1 Nxc3 21.
Rxc3 Rxc3 22. Qxc3 Qxc3 23. bxc3 Rc8 24. Rd1 f5 25. Bxd5 Bxd5 26. Rxd5 Rxc3 27.
a4 Ra3 28. a5 g6 29. Rd8+ Kg7 30. Rd7+ Kh6 31. Rxb7 Rxa5 32. Kf1 Ra2 33. g3 a5
34. Kg2 a4 35. Kf3 a3 36. Ra7 Ra1 37. g4 fxg4+ 38. hxg4 g5 39. Ke4 Kg6 40. Ra6+
Kg7 41. Kf5 Rf1 42. f4 gxf4 43. exf4 Rf3 44. Ra7+ Kg8 45. Kg5 h6+ 46. Kf5 Rb3
47. Kg6 Rb6+ 48. Kh5 Rf6 49. f5 Rf7 50. Rxa3 Rh7 1-0

[Event "11. Lichtenberger Sommer"]
[Site "Berlin"]
[Date "2012.08.23"]
[Round "6.59"]
[White "Schmalzried, Volker"]
[Black "Tiemer, Klaus"]
[Result "1-0"]
[WhiteElo "1858"]
[BlackElo "1963"]
[PlyCount "121"]
[EventDate "2012.??.??"]
[WhiteTeam "Umweltbundesamt"]
[BlackTeam "TSG Oberschöneweide e.V."]

1. c4 Nf6 2. Nc3 g6 3. g3 Bg7 4. Bg2 d6 5. Nf3 O-O 6. d4 Nc6 7. O-O Rb8 8. Re1
a6 9. a3 e5 10. d5 Ne7 11. e4 b5 12. c5 Ne8 13. cxd6 cxd6 14. Ng5 h6 15. Nh3 f5
16. f4 b4 17. axb4 Rxb4 18. fxe5 Bxe5 19. Bxh6 Ng7 20. Bf4 Bxf4 21. Nxf4 Rxb2
22. e5 dxe5 23. d6 Rxg2+ 24. Nxg2 Qb6+ 25. Kh1 Nc6 26. Rb1 Qd4 27. Nd5 Rd8 28.
Ne7+ Nxe7 29. dxe7 Qxd1 30. Rbxd1 Rxd1 31. Rxd1 Be6 32. Ra1 Bc4 33. Rc1 Bd5 34.
Rc5 Be4 35. Rxe5 Kf7 36. Kg1 Ne8 37. Nh4 Kf6 38. Ra5 Bb7 39. Kf2 Nd6 40. Ra1 g5
41. Nf3 Ne4+ 42. Ke3 Kxe7 43. Rb1 Bc6 44. Nd4 Bd7 45. Ra1 Nc5 46. Nc2 Kd6 47.
Nb4 Bb5 48. Rd1+ Ke6 49. Rc1 Kd6 50. h4 f4+ 51. gxf4 gxh4 52. Kf3 Bd7 53. Rg1
a5 54. Rg6+ Ke7 55. Nc6+ Kf8 56. Nxa5 h3 57. Rh6 Ne6 58. Nc4 Ng7 59. Ne5 Be6
60. Rh8+ Ke7 61. Ng4 1-0

[Event "11. Lichtenberger Sommer"]
[Site "Berlin"]
[Date "2012.08.23"]
[Round "6.60"]
[White "Scheide, Helmut"]
[Black "Müller, Johannes"]
[Result "0-1"]
[WhiteElo "1998"]
[BlackElo "1896"]
[PlyCount "88"]
[EventDate "2012.??.??"]
[WhiteTeam "USV Potsdam e.V., Abt. Schach"]
[BlackTeam "SC Eintracht Berlin e.V."]

1. d4 e6 2. c4 f5 3. Nf3 Nf6 4. g3 c6 5. Bg2 Be7 6. O-O O-O 7. Nbd2 Qe8 8. Qc2
d5 9. b3 Qh5 10. Ne5 Ne4 11. Nxe4 fxe4 12. f3 Nd7 13. Bb2 Nxe5 14. dxe5 exf3
15. exf3 Bd7 16. Rae1 Rac8 17. f4 Be8 18. cxd5 Bg6 19. Qd2 cxd5 20. Bf3 Qf5 21.
Rc1 Rc6 22. Rxc6 bxc6 23. Rc1 c5 24. Ba3 Rc8 25. Be2 Qe4 26. Bg4 Kf7 27. Bb2 h5
28. Bh3 h4 29. Bg2 Qf5 30. Qe2 hxg3 31. hxg3 Bh5 32. Qa6 Rh8 33. Qf1 c4 34. Bd4
Ba3 35. Re1 c3 36. Qa6 Bb2 37. Bxd5 exd5 38. e6+ Kg6 39. e7+ Kh7 40. Re5 Qb1+
41. Kg2 Bg6 42. Qe6 Be4+ 43. Kh3 Qh1+ 44. Kg4 Bf3+ 0-1

[Event "11. Lichtenberger Sommer"]
[Site "Berlin"]
[Date "2012.08.23"]
[Round "6.61"]
[White "Radjenovic, Branko"]
[Black "Harringer, Manfred"]
[Result "1-0"]
[WhiteElo "1845"]
[BlackElo "1900"]
[PlyCount "109"]
[EventDate "2012.??.??"]
[WhiteTeam "SK Dragojle Babic"]
[BlackTeam "vereinslos"]

1. Nf3 Nf6 2. d4 e6 3. c4 Bb4+ 4. Bd2 Qe7 5. Qc2 Bxd2+ 6. Nbxd2 d6 7. e4 e5 8.
d5 Nbd7 9. b4 a5 10. b5 Nc5 11. h3 a4 12. Be2 Nh5 13. g3 g6 14. Nh4 Ng7 15. Bf3
f5 16. exf5 gxf5 17. Ng2 O-O 18. O-O-O Bd7 19. Ne1 Be8 20. Nd3 Nxd3+ 21. Qxd3
e4 22. Qe3 Qf6 23. Be2 Qa1+ 24. Nb1 Qxa2 25. Rd2 Qa1 26. Qc3 Qxc3+ 27. Nxc3 Bg6
28. Ra2 Ra5 29. Kb2 Rfa8 30. Rha1 b6 31. Nxa4 Kf7 32. Nc3 Rxa2+ 33. Nxa2 Kf6
34. Re1 f4 35. gxf4 Kf5 36. Nb4 Kxf4 37. Na6 Ne8 38. Kc3 Rd8 39. Rg1 Rd7 40.
Kd4 Re7 41. Rg4+ Kf5 42. Ke3 Ng7 43. Rf4+ Ke5 44. Rf8 Re8 45. Rxe8+ Nxe8 46.
Nb4 h5 47. Nc6+ Kf6 48. Kf4 Ng7 49. Bf1 Nf5 50. Bg2 Be8 51. Nb8 Nd4 52. Kxe4
Nb3 53. Na6 Nc5+ 54. Ke3 Bd7 55. Nxc7 1-0

[Event "11. Lichtenberger Sommer"]
[Site "Berlin"]
[Date "2012.08.23"]
[Round "6.62"]
[White "Muskewitz, Bernd"]
[Black "Lohse, Steffen"]
[Result "1-0"]
[WhiteElo "1992"]
[BlackElo "1928"]
[PlyCount "53"]
[EventDate "2012.??.??"]
[WhiteTeam "TSG Oberschöneweide e.V."]
[BlackTeam "SV Osram e.V."]

1. d4 d5 2. c4 e6 3. Nf3 c6 4. Nc3 f5 5. Bf4 Bd6 6. Bxd6 Qxd6 7. e3 Nf6 8. Bd3
O-O 9. O-O Ne4 10. Nd2 Nd7 11. f3 Nxd2 12. Qxd2 Nf6 13. Qc2 Bd7 14. c5 Qc7 15.
b4 a6 16. a4 b5 17. cxb6 Qxb6 18. a5 Qc7 19. Na4 Rfb8 20. Nb6 Ra7 21. Rfc1 Qd6
22. Rab1 Be8 23. Qc5 Qxc5 24. bxc5 Bg6 25. Nxd5 Rab7 26. Nxf6+ gxf6 27. Rb6 1-0

[Event "11. Lichtenberger Sommer"]
[Site "Berlin"]
[Date "2012.08.23"]
[Round "6.63"]
[White "Möller, Dustin"]
[Black "George, Tom"]
[Result "1/2-1/2"]
[WhiteElo "1838"]
[BlackElo "1883"]
[PlyCount "50"]
[EventDate "2012.??.??"]
[WhiteTeam "Eckernförder SC von 1921"]
[BlackTeam "SG Blau-Weiß Stadtilm"]

1. c4 e5 2. g3 f5 3. Bg2 Nf6 4. Nc3 Nc6 5. d3 Bc5 6. e3 O-O 7. Nge2 d6 8. O-O
Qe8 9. Nd5 Nxd5 10. cxd5 Ne7 11. d4 exd4 12. Nxd4 Rb8 13. Rb1 Qf7 14. b4 Bb6
15. Ne2 Ng6 16. Bb2 Ne5 17. Rc1 Bd7 18. a4 a5 19. Bd4 axb4 20. Bxb6 cxb6 21.
Qd4 b5 22. Rc7 Rfc8 23. Rxc8+ Rxc8 24. Qxb4 Rc5 25. Nd4 Qe8 1/2-1/2

[Event "11. Lichtenberger Sommer"]
[Site "Berlin"]
[Date "2012.08.23"]
[Round "6.64"]
[White "Matitschka, Heinz"]
[Black "Lämmel, Claus-Peter"]
[Result "1/2-1/2"]
[WhiteElo "1870"]
[BlackElo "1580"]
[PlyCount "46"]
[EventDate "2012.??.??"]
[WhiteTeam "TSG Oberschöneweide e.V."]
[BlackTeam "SV Cranzahl 1962"]

1. d4 Nf6 2. c4 e6 3. Nc3 b6 4. Bg5 Be7 5. Nf3 Bb7 6. e3 O-O 7. Be2 d6 8. O-O
Nbd7 9. Qc2 Rc8 10. Rfd1 a6 11. a3 h6 12. Bh4 Re8 13. e4 d5 14. e5 Ne4 15. Bxe7
Qxe7 16. cxd5 exd5 17. Nxe4 dxe4 18. Nd2 e3 19. fxe3 Qg5 20. Nf3 Qxe3+ 21. Kh1
c5 22. Qd2 Qxd2 23. Rxd2 cxd4 1/2-1/2

[Event "11. Lichtenberger Sommer"]
[Site "Berlin"]
[Date "2012.08.23"]
[Round "6.65"]
[White "Prix, Siegfried"]
[Black "Mayer, Herbert"]
[Result "1/2-1/2"]
[WhiteElo "1800"]
[BlackElo "1975"]
[PlyCount "31"]
[EventDate "2012.??.??"]
[WhiteTeam "Sfrd. Berlin 1903 e.V."]
[BlackTeam "SC Rochade e.V."]

1. e4 c6 2. d4 d5 3. exd5 cxd5 4. Bd3 Nf6 5. Nf3 Nc6 6. c3 Bg4 7. O-O e6 8. Bf4
Bd6 9. Bxd6 Qxd6 10. Re1 O-O 11. Nbd2 Rac8 12. h3 Bh5 13. Nf1 Ne7 14. Ng3 Bxf3
15. Qxf3 Ng6 16. Nh5 1/2-1/2

[Event "11. Lichtenberger Sommer"]
[Site "Berlin"]
[Date "2012.08.23"]
[Round "6.66"]
[White "Lübke, Thomas"]
[Black "Deutschbein, Christopher"]
[Result "1/2-1/2"]
[WhiteElo "1990"]
[BlackElo "2049"]
[PlyCount "20"]
[EventDate "2012.??.??"]
[WhiteTeam "FVS ASP Hoyerswerda"]
[BlackTeam "Bille SC von 1924 e.V."]

1. e4 e5 2. Nf3 Nc6 3. Bb5 a6 4. Ba4 Nf6 5. O-O b5 6. Bb3 Be7 7. Re1 O-O 8. h3
d5 9. exd5 Nxd5 10. Nc3 Nxc3 1/2-1/2

[Event "11. Lichtenberger Sommer"]
[Site "Berlin"]
[Date "2012.08.23"]
[Round "6.67"]
[White "Hohn, August"]
[Black "Engelhardt, Erhard"]
[Result "1/2-1/2"]
[WhiteElo "2004"]
[BlackElo "1847"]
[PlyCount "40"]
[EventDate "2012.??.??"]
[WhiteTeam "SC Zugzwang 95 e.V."]
[BlackTeam "SSV Rotation Berlin e.V."]

1. c4 e6 2. Nf3 f5 3. g3 Nf6 4. Bg2 c6 5. d4 d5 6. Nc3 Bd6 7. O-O O-O 8. b3
Nbd7 9. Bb2 Qe7 10. Qd2 Ne4 11. Nxe4 fxe4 12. Ne5 Nxe5 13. dxe5 Bc5 14. Rac1
Bb6 15. a4 Bd7 16. a5 Bc7 17. Rc2 a6 18. e3 Rf7 19. Ra1 Qg5 20. Bh3 Qh5 1/2-1/2

[Event "11. Lichtenberger Sommer"]
[Site "Berlin"]
[Date "2012.08.23"]
[Round "6.68"]
[White "Baumert, Christian"]
[Black "Herrmann, Eberhard"]
[Result "1-0"]
[WhiteElo "2158"]
[BlackElo "1859"]
[PlyCount "65"]
[EventDate "2012.??.??"]
[WhiteTeam "SG Lasker Steglitz-Wilmersdorf"]
[BlackTeam "SC Friesen Lichtenberg e.V."]

1. d4 d5 2. c4 Nf6 3. cxd5 Nxd5 4. e4 Nf6 5. Nc3 g6 6. Bc4 Bg7 7. Nge2 O-O 8.
O-O c6 9. a4 b6 10. Qd3 a5 11. Bf4 Na6 12. Rfd1 Nb4 13. Qd2 Ba6 14. Bxa6 Rxa6
15. Ra3 Qc8 16. e5 Nfd5 17. Bh6 Qf5 18. Nxd5 Nxd5 19. Rf3 Bxh6 20. Qxh6 Qh5 21.
Qxh5 gxh5 22. Ng3 Rd8 23. Nxh5 Kh8 24. Rxf7 Raa8 25. Ng3 Kg8 26. Rf3 Nb4 27.
Nf5 Kf7 28. g4 c5 29. e6+ Kf6 30. h4 cxd4 31. Nxd4+ Ke5 32. Rf5+ Ke4 33. f3+
1-0

[Event "11. Lichtenberger Sommer"]
[Site "Berlin"]
[Date "2012.08.23"]
[Round "6.69"]
[White "Boeck, Rüdiger"]
[Black "König, Frank"]
[Result "0-1"]
[WhiteElo "1845"]
[BlackElo "1949"]
[PlyCount "50"]
[EventDate "2012.??.??"]
[WhiteTeam "SC Weisse Dame Ulm e.V."]
[BlackTeam "BSG 1827 Eckbauer e.V."]

1. e4 c5 2. Nf3 g6 3. d4 cxd4 4. Nxd4 Nc6 5. Bc4 Nf6 6. Nxc6 bxc6 7. Qf3 Bg7 8.
O-O O-O 9. c3 d5 10. exd5 cxd5 11. Bb3 Qc7 12. h3 Bb7 13. Qe2 a5 14. Re1 e6 15.
Nd2 a4 16. Bc2 a3 17. Bb3 Qc6 18. f3 Nh5 19. Nb1 Ba6 20. Qc2 axb2 21. Bxb2 Rfc8
22. Qd2 Qc7 23. Rc1 Be5 24. Rc2 Bh2+ 25. Kf2 Qg3+ 0-1

[Event "11. Lichtenberger Sommer"]
[Site "Berlin"]
[Date "2012.08.23"]
[Round "6.70"]
[White "Strehlow, Horst"]
[Black "Bandsom, Olaf"]
[Result "1-0"]
[WhiteElo "2074"]
[BlackElo "1800"]
[PlyCount "144"]
[EventDate "2012.??.??"]
[WhiteTeam "SC Friesen Lichtenberg e.V."]
[BlackTeam "SC Friesen Lichtenberg e.V."]

1. e4 e5 2. Nf3 Nc6 3. d4 exd4 4. Nxd4 Bc5 5. Nf5 Qf6 6. Nc3 Nge7 7. Ne3 O-O 8.
g3 a6 9. Bg2 d6 10. O-O Qe6 11. Kh1 Qd7 12. f4 f5 13. exf5 Bxe3 14. Bxe3 Nxf5
15. Bf2 Kh8 16. Qd2 Qd8 17. Rfe1 Bd7 18. Nd5 Rb8 19. c4 Nfe7 20. Re2 Nxd5 21.
cxd5 Ne7 22. Rae1 Ng8 23. Bd4 Bg4 24. Re3 Qd7 25. Qc3 Rbc8 26. Kg1 Nf6 27. Bxf6
Rxf6 28. Re7 Qd8 29. h3 Bh5 30. g4 Bf7 31. f5 c6 32. dxc6 bxc6 33. Qd3 Qb6+ 34.
Kh1 h6 35. b3 Rc7 36. Rxc7 Qxc7 37. Qxa6 d5 38. Qe2 Qa5 39. Rc1 Qa3 40. Rc2 Qa7
41. a4 Qb7 42. Qd3 Qb4 43. Qc3 Qxc3 44. Rxc3 d4 45. Rd3 c5 46. Kg1 Rb6 47. a5
Ra6 48. b4 cxb4 49. Rxd4 Rxa5 50. Rxb4 Re5 51. Kf2 Kg8 52. Rb6 Bc4 53. Bf3 Rb5
54. Rd6 Rb2+ 55. Kg3 Rb3 56. Kf4 Rb8 57. h4 Bf7 58. Rd4 Re8 59. g5 hxg5+ 60.
hxg5 Rc8 61. g6 Ba2 62. Kg5 Kf8 63. Bb7 Rb8 64. Rd7 Bb3 65. Rc7 Ba2 66. f6
gxf6+ 67. Kxf6 Rd8 68. Be4 Rd6+ 69. Kg5 Rd1 70. Bf5 Rd8 71. Kh6 Bg8 72. g7+ Ke8
1-0

[Event "11. Lichtenberger Sommer"]
[Site "Berlin"]
[Date "2012.08.23"]
[Round "6.71"]
[White "Keusch, Horst"]
[Black "Fischer, Anke"]
[Result "1-0"]
[WhiteElo "2003"]
[BlackElo "1828"]
[PlyCount "61"]
[EventDate "2012.??.??"]
[WhiteTeam "SC Friesen Lichtenberg e.V."]
[BlackTeam "SG Lasker Steglitz-Wilmersdorf"]

1. f4 d5 2. Nf3 e6 3. b3 Nf6 4. Bb2 Be7 5. e3 Nbd7 6. Be2 c5 7. O-O O-O 8. d3
b6 9. Qd2 Bb7 10. Ne5 Rc8 11. Bf3 Qc7 12. Nc3 a6 13. Ne2 Rfd8 14. Qe1 Ne8 15.
Qg3 Bf6 16. Bh5 Nd6 17. Rab1 Nf5 18. Bxf7+ Kf8 19. Qh3 Nxe5 20. fxe5 Qxf7 21.
exf6 gxf6 22. g4 Qg7 23. Ng3 Nxe3 24. Rxf6+ Kg8 25. Rxe6 Qxg4 26. Qxg4+ Nxg4
27. Rxb6 Rd7 28. Re1 Rc6 29. Rxc6 Bxc6 30. h3 Nh6 31. Re6 1-0

[Event "11. Lichtenberger Sommer"]
[Site "Berlin"]
[Date "2012.08.23"]
[Round "6.72"]
[White "Barwich, Andreas"]
[Black "Jeremic, Nemanja"]
[Result "1-0"]
[WhiteElo "1945"]
[BlackElo "1649"]
[PlyCount "33"]
[EventDate "2012.??.??"]
[WhiteTeam "SV Berolina Mitte e.V."]
[BlackTeam "BSC Rehberge 1945 e.V."]

1. e4 e5 2. Bc4 Nf6 3. Nf3 Nxe4 4. Nc3 Nf6 5. Nxe5 d5 6. Bb3 Be6 7. d4 Be7 8.
O-O c6 9. Bg5 O-O 10. f4 Nbd7 11. f5 Nxe5 12. dxe5 Bxf5 13. Rxf5 Nd7 14. Qg4
Bc5+ 15. Kh1 Nxe5 16. Rxe5 f6 17. Bh6 1-0

[Event "11. Lichtenberger Sommer"]
[Site "Berlin"]
[Date "2012.08.23"]
[Round "6.74"]
[White "Räcke, Norbert"]
[Black "Schneider, Eckehard"]
[Result "1-0"]
[WhiteElo "1835"]
[BlackElo "1795"]
[PlyCount "105"]
[EventDate "2012.??.??"]
[WhiteTeam "Queer-Springer SSV Berlin"]
[BlackTeam "Sfrd. Berlin 1903 e.V."]

1. d4 Nf6 2. c4 e6 3. Nc3 Bb4 4. Qc2 c5 5. dxc5 O-O 6. a3 Bxc5 7. Nf3 b6 8. g3
Bb7 9. Bg2 Na6 10. O-O Be7 11. b4 Rc8 12. Qb3 Qc7 13. Nd2 Bxg2 14. Kxg2 d5 15.
Nb5 Qb7 16. cxd5 exd5 17. Bb2 Nc7 18. Nd4 Ne4 19. N2f3 Ne8 20. Nf5 Bf6 21. Bxf6
N8xf6 22. Rac1 Rc4 23. Qb2 Rfc8 24. Ne3 Rc3 25. Rxc3 Nxc3 26. Nd4 Qe7 27. Nef5
Qe4+ 28. f3 Qe5 29. Rc1 g6 30. Rxc3 Rxc3 31. Qxc3 gxf5 32. Qc8+ Ne8 33. Qc3 Nd6
34. Qd3 Nc4 35. Kf2 Nxa3 36. Nc6 Qf6 37. Qxa3 Qxc6 38. Qxa7 d4 39. Qb8+ Kg7 40.
Qe5+ Qf6 41. Qd5 h5 42. h4 Kg6 43. b5 Kg7 44. f4 Kg6 45. Ke1 Kg7 46. Kd2 Kf8
47. Kd3 Ke7 48. Qe5+ Qxe5 49. fxe5 Ke6 50. Kxd4 f4 51. gxf4 Kf5 52. Kd5 Kxf4
53. Kc6 1-0

[Event "11. Lichtenberger Sommer"]
[Site "Berlin"]
[Date "2012.08.23"]
[Round "6.75"]
[White "Wierzbicki, Jirawat"]
[Black "Junge, Wolfgang"]
[Result "1/2-1/2"]
[WhiteElo "1584"]
[BlackElo "1799"]
[PlyCount "80"]
[EventDate "2012.??.??"]
[WhiteTeam "TuS Makkabi Berlin e.V."]
[BlackTeam "SC Friesen Lichtenberg e.V."]

1. e4 e5 2. Nf3 Nf6 3. Nxe5 d6 4. Nf3 Nxe4 5. Qe2 Qe7 6. d3 Nf6 7. Nc3 Qxe2+ 8.
Bxe2 Be7 9. Bd2 Bg4 10. O-O-O Nbd7 11. Rhe1 O-O 12. h3 Bh5 13. g4 Bg6 14. Nh4
Ne8 15. Nxg6 fxg6 16. f4 c6 17. Bf3 Bd8 18. Be4 Nc7 19. Bg2 d5 20. Rf1 Be7 21.
Rde1 Bd6 22. Ne2 Rae8 23. Kd1 Re7 24. Nd4 Rxe1+ 25. Kxe1 Re8+ 26. Kd1 c5 27.
Ne2 Rf8 28. Nc3 Nb6 29. a4 d4 30. Nb5 Nxb5 31. axb5 Rf7 32. c3 dxc3 33. bxc3
Rd7 34. Kc2 Be7 35. Be4 Nd5 36. f5 g5 37. c4 Nf6 38. Bg2 h6 39. Re1 Kf7 40. Ra1
b6 1/2-1/2

[Event "11. Lichtenberger Sommer"]
[Site "Berlin"]
[Date "2012.08.23"]
[Round "6.76"]
[White "Sauermann, Andreas"]
[Black "Dittrich, Hans-Georg"]
[Result "0-1"]
[WhiteElo "1933"]
[BlackElo "1748"]
[PlyCount "86"]
[EventDate "2012.??.??"]
[WhiteTeam "Schachclub Nira Berlin"]
[BlackTeam "SG Blau-Weiß Stadtilm"]

1. e4 e5 2. Nf3 Nc6 3. d4 exd4 4. Nxd4 Nf6 5. Nxc6 bxc6 6. e5 Qe7 7. Qe2 Nd5 8.
g3 g6 9. Bg2 a5 10. c4 Ba6 11. Qe4 Nb4 12. a3 f5 13. Qe2 Nd5 14. O-O Bg7 15.
Re1 O-O 16. Qc2 Qc5 17. Nd2 Rfe8 18. Bf1 Nb6 19. Nb3 Qe7 20. Nxa5 Bxe5 21. Bf4
Qf6 22. Bxe5 Rxe5 23. Qc3 Rae8 24. Rxe5 Qxe5 25. Qxe5 Rxe5 26. b4 Kg7 27. Rb1
c5 28. b5 Bc8 29. Nb3 d6 30. Ra1 Na4 31. Na5 f4 32. gxf4 Re4 33. f3 Rxf4 34.
Kg2 Rd4 35. Kg3 Bf5 36. Nc6 Rd2 37. Ne7 Be6 38. Nc6 Kf6 39. h4 h5 40. f4 Bg4
41. Re1 Nc3 42. Re7 Ra2 43. Rxc7 Ne4# 0-1

[Event "11. Lichtenberger Sommer"]
[Site "Berlin"]
[Date "2012.08.23"]
[Round "6.77"]
[White "Pöltelt, Helmut"]
[Black "Getzuhn, Detlef"]
[Result "1/2-1/2"]
[WhiteElo "1732"]
[BlackElo "1904"]
[PlyCount "130"]
[EventDate "2012.??.??"]
[WhiteTeam "SC Rochade e.V."]
[BlackTeam "SV Senat e.V."]

1. e4 e6 2. d4 d5 3. Nd2 Nf6 4. e5 Nfd7 5. f4 c5 6. c3 Nc6 7. Ndf3 Qb6 8. Ne2
cxd4 9. cxd4 f6 10. a3 Be7 11. Nc3 O-O 12. Na4 Qd8 13. Be3 a6 14. g3 b5 15. Nc3
Nb6 16. b3 Bd7 17. Bd3 b4 18. Nb1 fxe5 19. dxe5 bxa3 20. Nxa3 Nb4 21. Bb1 Rc8
22. O-O g6 23. Qd2 Qc7 24. Nd4 Qb7 25. Nac2 Na8 26. Nxb4 Bxb4 27. Qe2 Nc7 28.
Bd3 Nb5 29. Nxb5 Bxb5 30. Bxb5 Qxb5 31. Qa2 Qd3 32. Bf2 Bc3 33. Qxa6 Qe4 34.
Rac1 d4 35. Qxe6+ Kh8 36. Rfe1 Qd3 37. Red1 Qf5 38. Qxf5 gxf5 39. Bxd4 Bxd4+
40. Kg2 Rxc1 41. Rxc1 Rb8 42. Rc4 Bb2 43. Rc6 Rxb3 44. Rf6 Bd4 45. Rxf5 Rb2+
46. Kf3 Rxh2 47. Ke4 Rd2 48. e6 Bg7 49. Rd5 Re2+ 50. Kf5 Bb2 51. g4 Kg8 52. Rd7
Ba3 53. Rd5 Kf8 54. g5 Re1 55. Rd3 Be7 56. Rh3 Kg8 57. Rh6 Bf8 58. Rf6 Bg7 59.
Rf7 Re2 60. Rc7 Kf8 61. Rc4 Ke7 62. Rc7+ Kf8 63. Rc8+ Ke7 64. Rc1 Kf8 65. Rc7
Re1 1/2-1/2

[Event "11. Lichtenberger Sommer"]
[Site "Berlin"]
[Date "2012.08.23"]
[Round "6.78"]
[White "Bandlow, Reinhard"]
[Black "Soliva Ruiz, Ramon"]
[Result "0-1"]
[WhiteElo "1983"]
[BlackElo "1620"]
[PlyCount "88"]
[EventDate "2012.??.??"]
[WhiteTeam "SV Bau-Union e.V."]
[BlackTeam "Ateneo Maritimo Valencia"]

1. e4 c5 2. Nc3 d6 3. f4 g6 4. Bb5+ Bd7 5. Bxd7+ Nxd7 6. Nf3 Bg7 7. O-O a6 8.
a4 Nh6 9. d3 O-O 10. Kh1 Rc8 11. Be3 Ng4 12. Bg1 e6 13. Qe2 Qa5 14. Nd2 Ngf6
15. Nc4 Qc7 16. Nxd6 Qxd6 17. e5 Qc6 18. exf6 Nxf6 19. a5 Rfe8 20. Na4 Nd7 21.
c3 f5 22. Qf2 Qc7 23. d4 cxd4 24. cxd4 Qxa5 25. Nc5 Qb5 26. b4 Nxc5 27. bxc5
Rcd8 28. Rab1 Qc6 29. Rb6 Qd5 30. Qb2 Re7 31. Re1 Bxd4 32. Bxd4 Qxd4 33. Qb3
Qd5 34. Qc3 e5 35. h3 e4 36. Qf6 Red7 37. Reb1 Qf7 38. Qe5 Re8 39. Qb2 e3 40.
Rf6 Qd5 41. Rd6 Rxd6 42. cxd6 Qxd6 43. Qxb7 e2 44. Qb3+ Qe6 0-1

[Event "11. Lichtenberger Sommer"]
[Site "Berlin"]
[Date "2012.08.23"]
[Round "6.79"]
[White "Müller, Thomas"]
[Black "Hesselbarth, Karlheinz"]
[Result "1/2-1/2"]
[WhiteElo "1767"]
[BlackElo "1793"]
[PlyCount "93"]
[EventDate "2012.??.??"]
[WhiteTeam "SV Schewe Torm/Derendorf 1928/30"]
[BlackTeam "SC Zugzwang 95 e.V."]

1. g3 d5 2. Nf3 c5 3. Bg2 Nc6 4. d4 e6 5. O-O Nf6 6. c4 dxc4 7. Qa4 Bd7 8. Qxc4
Qb6 9. dxc5 Bxc5 10. Nc3 Na5 11. Qf4 O-O 12. Na4 Bxa4 13. Qxa4 Qb4 14. Qxb4
Bxb4 15. Bd2 Nc6 16. Bxb4 Nxb4 17. Ne5 Nfd5 18. Rfc1 Rac8 19. Rxc8 Rxc8 20. a3
Nc6 21. Rc1 Kf8 22. Nxc6 Rxc6 23. Rxc6 bxc6 24. e4 Nb6 25. e5 Nd5 26. b4 Ke7
27. Kf1 Kd7 28. Ke2 Kc7 29. Kd3 Kb6 30. Kc4 Ne7 31. a4 Nd5 32. a5+ Kc7 33. Kc5
Ne7 34. f4 g6 35. Bf3 Nd5 36. b5 cxb5 37. Bxd5 exd5 38. Kxb5 Kd7 39. Kc5 Ke6
40. h4 h6 41. Kd4 h5 42. a6 Ke7 43. Kxd5 Kd7 44. Ke4 Ke6 45. Kd4 Ke7 46. Kc5
Kd7 47. Kd5 1/2-1/2

[Event "11. Lichtenberger Sommer"]
[Site "Berlin"]
[Date "2012.08.23"]
[Round "6.80"]
[White "Schönberger, Kay"]
[Black "Krawatzki, Armin"]
[Result "1-0"]
[WhiteElo "1899"]
[BlackElo "1752"]
[PlyCount "63"]
[EventDate "2012.??.??"]
[WhiteTeam "SV Koblenz 03/25"]
[BlackTeam "SVG Läufer Reinickendorf e.V."]

1. e4 d6 2. d4 Nf6 3. f3 g6 4. Bd3 Bg7 5. Ne2 c5 6. c3 O-O 7. Be3 Nbd7 8. Qd2
Qa5 9. b4 Qc7 10. O-O e5 11. d5 a6 12. a4 b6 13. Na3 Bb7 14. b5 a5 15. Nc4 Rae8
16. g4 h5 17. g5 Nh7 18. h4 Bc8 19. Ng3 Re7 20. Kh2 Rd8 21. Qc2 f6 22. Rf2 fxg5
23. hxg5 Rf7 24. Bf1 Rdf8 25. Bg2 Rf4 26. Bxf4 Rxf4 27. Ne2 Rh4+ 28. Kg3 Nxg5
29. Kxh4 Nf8 30. Kg3 Qe7 31. Nxb6 h4+ 32. Kh2 1-0